[Event "Titled Tuesday intern op 7th Mar Late"]
[Site "Chess.com INT"]
[Date "2023.03.07"]
[Round "6"]
[White "Needleman, Gaston"]
[Black "Paszewski, Mateusz"]
[Result "0-1"]
[WhiteElo "2429"]
[BlackElo "2270"]
[PlyCount "122"]
[EventDate "2023.03.07"]
[EventType "swiss (blitz)"]
[EventRounds "11"]
[EventCountry "USA"]
[SourceTitle "EXT 2024"]
[Source "ChessBase"]
[SourceDate "2023.10.10"]
[SourceVersion "1"]
[SourceVersionDate "2023.10.10"]
[SourceQuality "1"]

1. d4 d5 2. Nf3 Nf6 3. Bf4 c5 4. e3 Nc6 5. c3 Qb6 6. Qb3 c4 7. Qc2 Bf5 8. Qc1 e6 9. Nbd2 Be7 10. Be2 h6 11. 0-0 0-0 12. h3 Rfc8 13. g4 Bh7 14. g5 hxg5 15. Nxg5 Bg6 16. Kh1 Nh5 17. Rg1 Nxf4 18. exf4 Bf5 19. Bg4 Bxg5 20. fxg5 Bg6 21. Nf3 Qc7 22. Qe3 Be4 23. Rg3 g6 24. Kh2 Kg7 25. Ne5 Nxe5 26. dxe5 Rh8 27. Qf4 Qe7 28. f3 Bf5 29. Bxf5 exf5 30. e6 fxe6 31. Qe5+ Kf7 32. Re1 Rh4 33. f4 Re8 34. Rge3 b5 35. Kg2 a5 36. Qd4 Qd8 37. Re5 b4 38. Qf2 Rh5 39. R1e3 bxc3 40. bxc3 Qb6 41. Qe1 Re7 42. Kg1 d4 43. cxd4 Qxd4 44. Qf2 Rxh3 45. Kg2 Rxe3 46. Rxe3 c3 47. Re2 Qxf2+ 48. Kxf2 Rc7 49. Rc2 e5 50. Kf3 e4+ 51. Ke3 Ke6 52. Kd4 Kd6 53. Rc1 c2 54. Ke3 Kd5 55. Kd2 Kd4 56. a3 a4 57. Rxc2 e3+ 58. Kd1 Rxc2 59. Kxc2 Ke4 60. Kc3 Kxf4 61. Kd3 Kf3 0-1

[Event "Titled Tuesday intern op 7th Mar Late"]
[Site "Chess.com INT"]
[Date "2023.03.07"]
[Round "4"]
[White "Nunez V, Gustavo Eduardo"]
[Black "Paszewski, Mateusz"]
[Result "1-0"]
[WhiteElo "2212"]
[BlackElo "2270"]
[PlyCount "123"]
[EventDate "2023.03.07"]
[EventType "swiss (blitz)"]
[EventRounds "11"]
[EventCountry "USA"]
[SourceTitle "EXT 2024"]
[Source "ChessBase"]
[SourceDate "2023.10.10"]
[SourceVersion "1"]
[SourceVersionDate "2023.10.10"]
[SourceQuality "1"]

1. e4 c5 2. Nc3 Nc6 3. f4 g6 4. Nf3 Bg7 5. Bb5 Nd4 6. 0-0 Nxb5 7. Nxb5 d5 8. e5 a6 9. Nc3 Bg4 10. h3 Bxf3 11. Qxf3 e6 12. g4 Ne7 13. d3 h5 14. Kg2 Qd7 15. Bd2 Nc6 16. Ne2 0-0-0 17. a4 hxg4 18. hxg4 g5 19. c3 gxf4 20. d4 f6 21. exf6 Bxf6 22. Bxf4 Rdg8 23. Rh1 Rxh1 24. Rxh1 e5 25. dxe5 Bxe5 26. Rh4 Bf6 27. g5 Qe7 28. Rg4 Be5 29. Qxd5 Rd8 30. Qe4 Qd7 31. Bxe5 Nxe5 32. Rg3 Nd3 33. Qc4 Qe7 34. Nf4 Nxf4+ 35. Qxf4 Qe2+ 36. Qf2 Qe4+ 37. Qf3 Rd2+ 38. Kh3 Qh7+ 39. Kg4 Qh2 40. Qf8+ Kc7 41. Qxc5+ Kb8 42. Qe5+ Ka7 43. Qe3+ Ka8 44. g6 Re2 45. g7 Rxe3 46. g8Q+ Ka7 47. Rxe3 Qg2+ 48. Rg3 Qxb2 49. Qd5 Qe2+ 50. Qf3 Qe6+ 51. Qf5 Qc4+ 52. Qf4 Qe6+ 53. Kf3 Qa2 54. Qd4+ Kb8 55. Rg8+ Kc7 56. Rg7+ Kb8 57. Qd8+ Ka7 58. Qd4+ Kb8 59. Qe5+ Ka7 60. Qc5+ Ka8 61. Qc7 Ka7 62. Qxb7# 1-0

[Event "Titled Tuesday intern op 7th Mar Late"]
[Site "Chess.com INT"]
[Date "2023.03.07"]
[Round "5"]
[White "Paszewski, Mateusz"]
[Black "Delgado Rosas, Alex Antonio"]
[Result "1-0"]
[WhiteElo "2270"]
[BlackElo "2128"]
[PlyCount "69"]
[EventDate "2023.03.07"]
[EventType "swiss (blitz)"]
[EventRounds "11"]
[EventCountry "USA"]
[SourceTitle "EXT 2024"]
[Source "ChessBase"]
[SourceDate "2023.10.10"]
[SourceVersion "1"]
[SourceVersionDate "2023.10.10"]
[SourceQuality "1"]

1. Nf3 Nf6 2. g3 e6 3. Bg2 d5 4. 0-0 Be7 5. c4 0-0 6. b3 c5 7. cxd5 exd5 8. d4 cxd4 9. Nxd4 Nc6 10. Bb2 Be6 11. Nc3 Rc8 12. Rc1 Qd7 13. Qd2 Rfd8 14. Rfd1 h6 15. Nxe6 fxe6 16. e3 Bb4 17. Qd3 Ne5 18. Qb1 Rc6 19. Nxd5 Rxc1 20. Qxc1 exd5 21. Bxe5 Qe6 22. Qb2 Be7 23. h3 Rd7 24. Bd4 b6 25. Rc1 Ne4 26. Bxg7 Bc5 27. Bd4 Rf7 28. Bxe4 dxe4 29. Bxc5 bxc5 30. Rxc5 Qxh3 31. Qc2 Qg4 32. Re5 Rd7 33. Qc8+ Kg7 34. Re7+ Kf6 35. Qxd7 1-0

[Event "Titled Tuesday intern op 7th Mar Late"]
[Site "Chess.com INT"]
[Date "2023.03.07"]
[Round "1"]
[White "Paszewski, Mateusz"]
[Black "Floresvillar Gonzalez, Luis Miguel"]
[Result "1-0"]
[WhiteElo "2270"]
[BlackElo "2075"]
[PlyCount "37"]
[EventDate "2023.03.07"]
[EventType "swiss (blitz)"]
[EventRounds "11"]
[EventCountry "USA"]
[SourceTitle "EXT 2024"]
[Source "ChessBase"]
[SourceDate "2023.10.10"]
[SourceVersion "1"]
[SourceVersionDate "2023.10.10"]
[SourceQuality "1"]

1. d4 d5 2. c4 c6 3. cxd5 cxd5 4. Bf4 Nc6 5. e3 Nf6 6. Nc3 e6 7. Bd3 Bd6 8. Bxd6 Qxd6 9. f4 0-0 10. Nf3 a6 11. Ne5 b5 12. 0-0 b4 13. Na4 a5 14. Nc5 Nd7 15. Rf3 Nxc5 16. Bxh7+ Kxh7 17. Rh3+ Kg8 18. Qh5 Nxe5 19. Qh8# 1-0

[Event "EU-ch 23rd"]
[Site "Vrnjacka Banja"]
[Date "2023.03.07"]
[Round "5"]
[White "Paszewski, Mateusz"]
[Black "Stalmach, Richard"]
[Result "1-0"]
[WhiteElo "2270"]
[BlackElo "2436"]
[PlyCount "49"]
[EventDate "2023.03.03"]
[EventType "swiss"]
[EventRounds "11"]
[EventCountry "SRB"]
[SourceTitle "CBM 213"]
[Source "ChessBase"]
[SourceDate "2023.04.30"]
[SourceVersion "1"]
[SourceVersionDate "2023.04.30"]
[SourceQuality "1"]

1. e4 c5 2. Nf3 d6 3. Bb5+ Nd7 4. c4 Ngf6 5. Nc3 g6 6. h3 Bg7 7. d3 0-0 8. Ba4 Ne8 9. Be3 Nc7 10. Qd2 Ne6 11. Bxd7 Bxd7 12. Bh6 Nd4 13. h4 e6 14. Bxg7 Kxg7 15. h5 Nxf3+ 16. gxf3 Kh8 17. 0-0-0 Qf6 18. Qh6 Qg7 19. Qe3 Rg8 20. d4 cxd4 21. Rxd4 Qe5 22. f4 Qc5 23. h6 Bc6 24. Nd5 exd5 25. Qc3 1-0